Loading...
| Literature - American | 0 | 6 | 0 | 0 | 60 | 56 | 67.83 | 1 | 3 | 0.00 | 0.00 |
| Literature - World | 0 | 6 | 0 | 0 | 60 | 62 | 80.67 | 0 | 3 | 0.00 | 0.00 |
| Fine Arts - Other | 0 | 6 | 1 | 1 | 55 | 48 | 73.33 | 1 | 4 | 0.00 | 0.00 |
| Social Science | 0 | 5 | 0 | 0 | 50 | 17 | 49.60 | 1 | 3 | 0.00 | 0.00 |
| History - American | 0 | 6 | 2 | 0 | 50 | 45 | 68.83 | 0 | 3 | 0.00 | 0.00 |
| Literature - European | 0 | 5 | 1 | 0 | 45 | 40 | 79.20 | 1 | 1 | 0.00 | 0.00 |
| Literature - British | 0 | 5 | 2 | 1 | 40 | 41 | 78.80 | 1 | 5 | 0.00 | 0.00 |
| History - Other | 0 | 4 | 1 | 1 | 35 | 52 | 79.75 | 0 | 1 | 0.00 | 0.00 |
| Painting/Sculpture | 0 | 4 | 1 | 0 | 35 | 54 | 69.75 | 0 | 3 | 0.00 | 0.00 |
| History - World | 0 | 3 | 0 | 1 | 30 | 50 | 72.33 | 0 | 2 | 0.00 | 0.00 |
| Current Events | 0 | 3 | 0 | 1 | 30 | 40 | 67.67 | 1 | 1 | 0.00 | 0.00 |
| Pop Culture | 0 | 3 | 0 | 0 | 30 | 36 | 57.00 | 0 | 3 | 0.00 | 0.00 |
| Religion | 0 | 3 | 0 | 0 | 30 | 58 | 69.00 | 1 | 1 | 0.00 | 0.00 |
| Fine Arts - Classical Music | 0 | 3 | 0 | 2 | 30 | 99 | 106.33 | 0 | 0 | 0.00 | 0.00 |
| History - European | 0 | 2 | 2 | 0 | 10 | 35 | 76.00 | 0 | 1 | 0.00 | 0.00 |
| Science - Biology | 0 | 0 | 1 | 0 | -5 | 0.00 | 0 | 0 | 0.00 | 0.00 | |
| Science - Other | 0 | 0 | 1 | 0 | -5 | 0.00 | 0 | 0 | 0.00 | 0.00 | |
| Philosophy | 0 | 0 | 1 | 0 | -5 | 0.00 | 0 | 0 | 0.00 | 0.00 | |
| Geography | 0 | 0 | 2 | 0 | -10 | 0.00 | 0 | 0 | 0.00 | 0.00 |